000 00494nam a2200181Ia 4500
003 GCL
008 140319s9999 xx 000 0 eng d
040 _aGCL /
_cGCL
082 0 4 _aCC
_b299.31
_bW G
100 1 _aWATTERSON, BARBARA
245 1 0 _aGODS OF ANCIENT EGYPT /
_cWATTERSON, BARBARA
260 _a[S.N] :
_bBASTFORD ACADEMIC AND EDUCATION ،
_c1996
300 _a227 P
650 0 4 _aANCIENT EGYPT
650 0 4 _aEGYPTOLOGY
650 0 4 _aANCIENT EGYPTIAN, RELIGION
942 _2ddc
_cBK
999 _c13857
_d13857